| 000 | 00956nam a2200301Ia 4500 | ||
|---|---|---|---|
| 003 | GCL | ||
| 008 | 140319s9999 xx 000 0 ara d | ||
| 020 | _a8099329957 | ||
| 040 |
_aGCL / _cGCL |
||
| 082 | 0 | 4 |
_a658.8 _bث ا |
| 100 | 1 | _aثامر البكرى | |
| 245 | 1 | 0 |
_aالاتصالات التسويقية والترويج / _cثامر البكرى |
| 250 | _aالاولى | ||
| 260 |
_aالاردن : _bدار الحامد للنشر والتوزيع ، _c2006 |
||
| 300 |
_a349 ص ؛ _c24 سم |
||
| 650 | 0 | 4 | _aالتسويق |
| 650 | 0 | 4 | _aالاتصالات |
| 650 | 0 | 4 | _aالعرض والطلب |
| 650 | 0 | 4 | _aالاعلان |
| 650 | 0 | 4 | _aالعلاقات العامة |
| 650 | 0 | 4 | _aالدعاية |
| 650 | 0 | 4 | _aادارة التسويق |
| 650 | 0 | 4 | _aادارة المبيعات |
| 650 | 0 | 4 | _aالباعة وفن البيع |
| 650 | 0 | 4 | _aخدمات التسويق |
| 650 | 0 | 4 | _aالمبيعات - تخطيط |
| 942 |
_2ddc _cBK |
||
| 999 |
_c8504 _d8504 |
||